000 00527 a2200157 4500
020 _a0387261052
040 _aDLC
_bDLC
100 1 _aGokhale, Maya.
245 1 0 _aReconfigurable computing: Accelerating computation with field-programmable gate arrays
_cby Maya Gokhale and Paul S. Graham
260 _aDordrecht :
_bSpringer,
_cc2005.
300 _ax, 238 p. :
_bill. ;
_c25 cm.
650 0 _aAdaptive computing systems.
650 0 _aField programmable gate arrays.
700 1 _aGraham, Paul S.
942 _cBK
_k621.395 GOK
_2ddc
999 _c10002
_d10002